British Empire at its Maximum Extent 1920-1922 - Statistics

General Stats
  • This quiz has been taken 29 times
    17 since last reset
  • The average score is 53 of 64
Answers on the Map
Answers color-coded by a green-red scale on the quiz's map according to % correct below.
 
Answer Stats
Answer % Correct
United Kingdom
100%
Australia
92%
Bangladesh
92%
Botswana
92%
Canada
92%
Cyprus
92%
Egypt
92%
Eswatini
92%
Gambia
92%
Ghana
92%
Guyana
92%
India
92%
Iraq
92%
Ireland
92%
Malaysia
92%
Malta
92%
Myanmar
92%
New Zealand
92%
Nigeria
92%
Oman
92%
Pakistan
92%
South Africa
92%
Tanzania
92%
Uganda
92%
Yemen
92%
Zambia
92%
Zimbabwe
92%
Bahamas
83%
Bahrain
83%
Barbados
83%
Belize
83%
Fiji
83%
Jamaica
83%
Jordan
83%
Kenya
83%
Kuwait
83%
Lesotho
83%
Qatar
83%
Samoa
83%
Sierra Leone
83%
Solomon Islands
83%
Somalia
83%
Sri Lanka
83%
Sudan
83%
Tonga
83%
Vanuatu
83%
Antigua and Barbuda
75%
Brunei
75%
Dominica
75%
Israel
75%
Malawi
75%
Papua New Guinea
75%
South Sudan
75%
Trinidad and Tobago
75%
Afghanistan
67%
Saint Kitts and Nevis
67%
Saint Lucia
67%
Saint Vincent and the Grenadines
67%
Seychelles
67%
Singapore
67%
Grenada
58%
Libya
58%
Mauritius
58%
Palestine
42%
No matching quizzes found
Score Distribution
Percent of People with Each Score
Percentile by Number Answered
Your Score History
You have not taken this quiz since the last reset